|
|
|
|
| LEADER |
00000nam0a2200000 4500 |
| 001 |
99209 |
| 005 |
20231031111615.0 |
| 010 |
|
|
|a 5889330691
|
| 035 |
|
|
|a (RuTPU)RU\TPU\book\106434
|
| 090 |
|
|
|a 99209
|
| 100 |
|
|
|a 20060629d2005 km y0rusy50 ca
|
| 101 |
0 |
|
|a rus
|
| 102 |
|
|
|a RU
|
| 105 |
|
|
|a y g 000zy
|
| 200 |
1 |
|
|a Тяжелое, энергетическое и транспортное машиностроение
|e справочник предприятий, организаций, фирм
|h Вып. 4
|
| 210 |
|
|
|a Москва
|c АСУ-Импульс
|d 2005
|
| 215 |
|
|
|a 238 с.
|
| 225 |
1 |
|
|a Отраслевые каталоги "АСУ-Импульс"
|
| 333 |
|
|
|a Исключено из фонда НТБ ТПУ
|
| 801 |
|
1 |
|a RU
|b 63413507
|c 20060629
|g PSBO
|
| 801 |
|
2 |
|a RU
|b 63413507
|c 20201203
|g PSBO
|
| 942 |
|
|
|c BK
|
| 959 |
|
|
|a 59/20060626
|d 1
|e 750,00
|f НФ:1
|